[Event "NED-ch U13"]
[Site "Rijswijk"]
[Date "2006.05.27"]
[Round "7"]
[White "Sekandar, Kambiz"]
[Black "Van Andel, Martijn"]
[Result "1-0"]
[WhiteElo "1452"]
[BlackElo "1413"]
[PlyCount "131"]
[EventDate "2006.05.25"]
[EventType "swiss"]
[EventRounds "9"]
[EventCountry "NED"]
[SourceTitle "EXT 2009"]
[Source "ChessBase"]
[SourceDate "2008.11.26"]
[SourceVersion "1"]
[SourceVersionDate "2008.11.26"]
[SourceQuality "1"]

1. e4 c5 2. Bc4 Nc6 3. Nf3 Nf6 4. d3 d6 5. Nc3 Bg4 6. h3 Bh5 7. Bf4 a6 8. Nd5 b5 9. Nxf6+ gxf6 10. Bd5 Rc8 11. Ne5 dxe5 12. Qxh5 Qd6 13. Qxf7+ Kd7 14. Be3 Nb4 15. Bb3 a5 16. a3 Na6 17. Rf1 a4 18. Ba2 b4 19. Bc4 b3 20. cxb3 axb3 21. Bxa6 Qxa6 22. Qxb3 Bg7 23. Qc4 Qb6 24. b4 Qa7 25. Bxc5 Qb8 26. a4 Rc7 27. a5 Rhc8 28. Qd5+ Ke8 29. Qg8+ Kd7 30. Qf7 Rxc5 31. bxc5 Qb2 32. Qd5+ Ke8 33. Ra2 Qc3+ 34. Ke2 Rxc5 35. Qb7 Bh6 36. Qb2 Qxb2+ 37. Rxb2 Rxa5 38. g3 Kf7 39. f4 exf4 40. gxf4 Rh5 41. Rf3 Rh4 42. f5 Rh5 43. Rg3 Bf4 44. Rg4 Rxh3 45. Rxf4 Rh2+ 46. Rf2 Rh3 47. Rg2 Rh1 48. Rb8 Ra1 49. Rbg8 Ra2+ 50. Kf3 Rxg2 51. Rxg2 Kf8 52. d4 Kf7 53. e5 e6 54. fxe6+ Kxe6 55. exf6 Kxf6 56. Ke4 Ke6 57. d5+ Kd6 58. Rh2 Kd7 59. Ke5 h5 60. Rxh5 Ke7 61. Rh7+ Kd8 62. Ke6 Kc8 63. Kd6 Kb8 64. Kc6 Ka8 65. Kb6 Kb8 66. Rh8# 1-0

[Event "Hengelo U12 op"]
[Site "Hengelo"]
[Date "2005.08.12"]
[Round "10"]
[White "Knepper, Jorian"]
[Black "Van Andel, Martijn"]
[Result "0-1"]
[WhiteElo "1265"]
[BlackElo "1306"]
[PlyCount "103"]
[EventDate "2005.08.??"]
[EventType "swiss"]
[EventRounds "13"]
[EventCountry "NED"]
[SourceTitle "CBM 107 Extra"]
[Source "ChessBase"]
[SourceDate "2005.09.01"]
[SourceVersion "1"]
[SourceVersionDate "2005.09.01"]
[SourceQuality "1"]

1. e4 c5 2. Bc4 d6 3. d3 Nc6 4. Bb5 Nf6 5. Nc3 Bd7 6. Bxc6 Bxc6 7. Nf3 Qd7 8. Bf4 e5 9. Bg3 Be7 10. 0-0 0-0 11. Bh4 b5 12. Bxf6 Bxf6 13. Nd5 Bxd5 14. exd5 Qb7 15. c4 b4 16. Qa4 Rab8 17. b3 Rfd8 18. a3 e4 19. Nd4 Bxd4 20. Ra2 exd3 21. axb4 cxb4 22. Rd1 Re8 23. Kf1 Qb6 24. Rxd3 Bc3 25. Rd1 Re7 26. g3 Qd8 27. Qc6 Rb6 28. Qa4 Qd7 29. Qxd7 Rxd7 30. Rd3 h6 31. Ra5 a6 32. c5 Rb5 33. Rxb5 axb5 34. c6 Rd8 35. Re3 Kf8 36. Kg2 Ra8 37. Re4 g6 38. Kh3 Rc8 39. Kh4 Rd8 40. g4 Rb8 41. g5 h5 42. f4 Rd8 43. Kg3 Ra8 44. f5 gxf5 45. Re3 Be5+ 46. Kh4 Ke7 47. Rf3 Ra3 48. Kxh5 Bxh2 49. Rxf5 Rxb3 50. c7 Rc3 51. Rf2 Be5 52. Rb2 0-1